000 01249nam a2200385 a 4500
001 000110603
003 CHAP
005 20230323062617.0
008 140917s2005 ck |sf |||||||spa d
010 _a107065
011 _a108037
040 _cCHAP
090 _aCD-400 v.9
245 0 0 _aAbejas - Productos
_h[DVD]
_cpor Fundación Hogares Juveniles Campesinos; coordinador Luis Carlos Muñoz.
260 _aBogotá, Col. :
_bGranita,
_c2005.
300 _a1 DVD.
490 1 _aVideoteca del campo
_pGranja Integral Autosuficiente
590 _aE6096MTM
_b05
_c20140917
_lUCH01
_h1355
590 _aE6096MTM
_b05
_c20140917
_lUCH01
_h1357
590 _aE6096MTM
_b05
_c20140917
_lUCH01
_h1445
590 _aE6096MTM
_b05
_c20140917
_lUCH01
_h1445
590 _aE6096MTM
_b05
_c20140919
_lUCH01
_h1212
650 1 4 _aAcido fórmico.
_9584
650 1 4 _aCera.
_921327
650 1 4 _aJalea real.
_960953
650 1 4 _aMiel de abejas.
_975562
650 1 4 _aPolen.
_990208
650 1 4 _aPropóleo.
_992426
700 1 _aMuñoz, Luis Carlos
_ecoord.
_9128382
710 2 _aFundación Hogares Juveniles Campesinos
_9128381
830 0 _aVideoteca del campo
_pGranja Integral Autosuficiente
_v9
_9128383
901 _aBK
942 _cCD
942 _n0
999 _c107065
_d107065